7-Letter Country Names by 4th Letter - Statistics

General Stats
  • This quiz has been taken 36 times
    32 since last reset
  • The average score is 8 of 12
Answer Stats
State % Correct
A Albania|Bahamas|Somalia|Belarus|Ecuador|Jamaica|Croatia|Lebanon|Romania|Ukraine
100%
L Finland|Iceland|Ireland
89%
M Denmark|Germany
85%
O Andorra|Comoros|Morocco|Estonia|Lesotho
81%
G Belgium|Hungary|Uruguay
74%
I Bolivia|Namibia|Tunisia
74%
T Vietnam|Eritrea|Austria
74%
E Liberia|Algeria|Nigeria|Armenia|Senegal
70%
N Grenada|Myanmar
67%
U Vanuatu|Burundi
59%
R Bahrain|Georgia
41%
D Moldova
11%
No matching quizzes found
Score Distribution
Percent of People with Each Score
Percentile by Number Answered
Your Score History
You have not taken this quiz since the last reset